Aşk'ın galib'i / (Kayıt no. 512)

MARC ayrıntıları
000 -BAŞLIK
Sabit Uzunluktaki Kontrol Alanı 00533nam a22002057a 4500
001 - KONTROL NUMARASI
Control Dosyası 00501
003 - KONTROL NUMARASI KİMLİĞİ
Kontrol Alanı KOHA_MİRAKIL
005 - EN SON İŞLEM TARİHİ ve ZAMANI
Kontrol Alanı 20240914231531.0
008 - SABİT UZUNLUKTAKİ VERİ ÖGELERİ - GENEL BİLGİ
Sabit Alan 240915b tu ||||| |||| 00| 0 tur d
020 ## - ISBN - ULUSLARARASI STANDART KİTAP NUMARASI
Isbn 9789751039804
040 ## - KATALOGLAMA KAYNAĞI
Özgün Kataloglama Kurumu TR-AnABB
Kataloglama Dili tur
Çeviri Kurumu TR-AnABB
041 ## - DİL KODU
Metin ya da ses kaydının dil kodu tur
082 ## - DEWEY ONU SINIFLAMA SİSTEMİ
Sınıflama Numarası 813.42
Cutter numarası DIK 2019
100 ## - KİŞİ ADI
Yazar Adı (Kişi adı) Diker, Seda
245 #0 - ESER ADI BİLDİRİMİ
Başlık Aşk'ın galib'i /
Sorumluluk Bildirimi Seda Diker.
260 ## - YAYIN, DAĞITIM, VB.
Yayın Yeri İstanbul :
Yayınevi İnkılap Yayınevi,
Yayın Tarihi 2019.
300 ## - FİZİKSEL TANIMLAMA
Sayfa, Cilt vb. 357 sayfa ;
Boyutları 21 cm.
650 ## - KONU BAŞLIĞI EK GİRİŞ - KONU TERİMİ
Konusal terim veya coğrafi ad Türk edebiyatı, roman
942 ## - EK GİRİŞ ÖGELERİ (KOHA)
Sınıflama Kaynağı Dewey Decimal Classification
Materyal Türü Kitap
Mevcut
Geri Çekilme Durumu Kayıp Durumu Sınıflandırma Kaynağı Kredi için değil Kalıcı Konum Mevcut Konum Kayıt Tarih Edinim Kaynağı Toplam Ödünçverme Yer Numarası Demirbaş Numarası Son Görülme Tarihi Fatura Tarihi Materyal Türü
    Dewey Decimal Classification   Büyükşehir Genç Akademi Batıkent Büyükşehir Genç Akademi Batıkent 22/04/2025     813.42 DIK 2019 ABB124250 22/04/2025 22/04/2025 Kitap
    Dewey Decimal Classification   YHT Gar Çalışma İstasyonu YHT Gar Çalışma İstasyonu 15/09/2024     813.42 DIK 2019 ABB101501 14/09/2024 14/09/2024 Kitap